載入...
Mushroom Its Wild Relatives
Mushroom is the fruit of certain fungi analogous t the apple on a tree.
| 主要作者: | |
|---|---|
| 格式: | Printed Book |
| 出版: |
New Delhi
Researchco Book Centre
2008
|
| 主題: |
| LEADER | 01119nam a22002177a 4500 | ||
|---|---|---|---|
| 020 | |a 81-89614-08-8 | ||
| 082 | |a 635.8 | ||
| 100 | |a Nilanjana Das | ||
| 245 | |a Mushroom Its Wild Relatives | ||
| 260 | |a New Delhi |b Researchco Book Centre |c 2008 | ||
| 300 | |a 173 | ||
| 500 | |a Mushroom Chips Cadmium Lamellae | ||
| 520 | |a Mushroom is the fruit of certain fungi analogous t the apple on a tree. | ||
| 650 | |a Mushroom Chips, Cadmium, Lamellae | ||
| 700 | |a Nilanjana Das | ||
| 942 | |c BK | ||
| 999 | |c 167891 |d 167891 | ||
| 952 | |0 0 |1 0 |4 0 |6 635_800000000000000_DAS_MU |7 0 |9 171919 |a KAUCOAP |b KAUCOAP |d 2014-12-02 |l 2 |o 635.8 DAS/MU |p KAU_COAP05768 |r 2019-04-30 |s 2019-03-22 |w 2014-12-02 |y BK | ||
| 952 | |0 0 |1 0 |2 ddc |4 0 |6 635_800000000000000_DAS_MU |7 0 |9 171920 |a KAUCOAP |b KAUCOAP |d 2014-12-02 |o 635.8 DAS/MU |p KAU_COAP08751 |r 2014-12-02 |w 2014-12-02 |y BK | ||
| 952 | |0 0 |1 0 |4 0 |6 635_800000000000000_DAS_MU |7 0 |9 171921 |a KAUCOAP |b KAUCOAP |d 2014-12-02 |o 635.8 DAS/MU |p KAU_COAP05767 |r 2014-12-02 |w 2014-12-02 |y BK | ||
| 952 | |0 0 |1 0 |2 ddc |4 0 |6 635_800000000000000_DAS_MU |7 0 |9 171922 |a KAUCOAP |b KAUCOAP |d 2018-09-24 |o 635.8 DAS/MU |p KAU_COAP05766 |r 2018-09-24 |w 2018-09-24 |y BK | ||